01245nam a2200325Ia 4500001001200000003000800012006001900020007001500039008004100054010001700095020001800112020001500130040002100145035002100166050002200187100002200209245010400231260005800335300002500393504006400418533015200482650002600634650002200660650003200682650001600714655002900730710001700759856012600776999001700902ebr10269197CaPaEBRm u cr cn|||||||||000809s2001 enka sb 001 0 eng d z 00063673  z9780195143263 z0195143264 aCaPaEBRcCaPaEBR a(OCoLC)32090346714aQ173b.S56 2001eb1 aShermer, Michael.14aThe borderlands of scienceh[electronic resource] :bwhere sense meets nonsense /cMichael Shermer. aOxford ;aNew York :bOxford University Press,c2001. aviii, 360 p. :bill. aIncludes bibliographical references (p. 321-352) and index. aElectronic reproduction.bPalo Alto, Calif. :cebrary,d2009.nAvailable via World Wide Web.nAccess may be limited to ebrary affiliated libraries. 0aSciencevMiscellanea. 0aBelief and doubt. 0aParapsychology and science. 0aSkepticism. 7aElectronic books.2local2 aebrary, Inc.40uhttp://site.ebrary.com/lib/rucke/Doc?id=10269197zAn electronic book accessible through the World Wide Web; click to view c23220d23220